|
|
|
|
| LEADER |
01476ppm a22003378a 4500 |
| 001 |
00031140 |
| 005 |
20171026081025.0 |
| 008 |
130916s2012 ||||||viesd |
| 041 |
0 |
# |
|a vie
|
| 082 |
1 |
4 |
|b X126D
|a 576.5
|
| 100 |
1 |
# |
|a Trần, Thị Thu Thủy
|
| 245 |
0 |
0 |
|a Xây dựng và sử dụng phiếu học tập để rèn luyện kỹ năng so sánh, phân tích trong dạy học phần di truyền và biến dị sinh học 9 trung học cơ sở
|b Luận văn thạc sĩ giáo dục học. Chuyên ngành: Lý luận và phương pháp dạy học Sinh học. Mã số: 60.14.10
|c Trần Thị Thu Thủy; Nguyễn Đình Nhâm (hướng dẫn)
|
| 260 |
# |
# |
|a Vinh
|b Đại học Vinh
|c 2012
|
| 300 |
# |
# |
|a 91 tr + phụ lục.
|c 30cm.
|
| 500 |
# |
# |
|a ĐTTTS ghi: Bộ giáo dục và đào tạo. Trường Đại học Vinh
|
| 653 |
# |
# |
|a Di truyền
|
| 653 |
# |
# |
|a Biến dị
|
| 653 |
# |
# |
|a Dạy học Sinh học
|
| 653 |
# |
# |
|a xây dựng phiếu học tập
|
| 653 |
# |
# |
|a giáo dục học
|
| 653 |
# |
# |
|a Luận văn
|
| 653 |
# |
# |
|a Rèn luyện kỹ năng
|
| 653 |
# |
# |
|a Sinh học 9
|
| 653 |
# |
# |
|a THCS
|
| 700 |
1 |
# |
|a Nguyễn, Đình Nhâm
|e Hướng dẫn
|
| 852 |
# |
# |
|b Kho đọc SĐH
|j LV.0000279
|
| 852 |
# |
# |
|j LV.0000279
|
| 910 |
|
|
|d 16/09/2013
|
| 980 |
# |
# |
|a Trung tâm Học liệu Lê Vũ Hùng, Trường Đại học Đồng Tháp
|